000 00816nas a2200265 4500
001 BR9203480
003 BR-BrBNA
005 20231205092642.0
007 ta
008 230509b bl.|||p| |||| 00| 00por d
040 _aBR-BrBNA
_bpor
_cBiblioteca Nacional de Agricultura
041 _a(Pt)
072 _aL73
100 1 _aFerreiro, L.
100 1 _aBengel Junior, J.
100 1 _aFernandes, R.E.
100 1 _aCosta, M.
245 1 _aMamite bovina fungica causada por Aspergillus fumigatus (Sarturya fumigata)
650 _aBOVINO
650 _aMAMITE
650 _aFUNGO
773 0 _tArquivos da Faculdade de Veterinaria da Universidade Federal do Rio Grande do Sul (Brazil)
_xISSN 0101-5230
_g(1989), v. 17 p. 81-85
_wBR9203480
909 _a202311
_bLúcia
_c55
_dLúcia Elande
942 _2AGRIS
_n0
_cANA
999 _c133160
_d133160